Library Banner

Tahreekat-i-Milli = تحریکات ملی (مجلہ علم و آگہی) / (Record no. 122350)

MARC details
000 -LEADER
fixed length control field 00497nam a22001337a 4500
005 - DATE AND TIME OF LATEST TRANSACTION
control field 20210524111229.0
008 - FIXED-LENGTH DATA ELEMENTS--GENERAL INFORMATION
fixed length control field 210524b ||||| |||| 00| 0 eng d
040 ## - CATALOGING SOURCE
Transcribing agency PK-LaUMT
082 ## - DEWEY DECIMAL CLASSIFICATION NUMBER
Classification number RHC 320.9549105
Item number TAH-
245 ## - TITLE STATEMENT
Title Tahreekat-i-Milli = تحریکات ملی (مجلہ علم و آگہی) /
Statement of responsibility, etc compiled by Abu Salman Shahjehanpuri = مرتبہ ابوسلمان شاہجہان پوری
260 ## - PUBLICATION, DISTRIBUTION, ETC. (IMPRINT)
Place of publication, distribution, etc Karachi :
Name of publisher, distributor, etc Government National College Karachi,
Date of publication, distribution, etc 1983
300 ## - PHYSICAL DESCRIPTION
Extent 455 p
942 ## - ADDED ENTRY ELEMENTS (KOHA)
Koha item type Books
Holdings
Withdrawn status Lost status Damaged status Home library Current library Date acquired Full call number Barcode Date last seen Price effective from Koha item type
      UMT Main Campus UMT Main Campus 2021-05-24 RHC 320.9549105 TAH- 136804 2021-05-24 2021-05-24 Books